Hud

Bibliographic Details
Main Author: Abdul Samad Ismail
Format: Book
Published: Kuala Lumpur : Creative Enterprise Sdn.Bhd. , 1995

MARC

LEADER 00000cam a2200000 7i4500
001 0000007294
002 000007847
005 20010309.0
020 |a 9838932094 
090 0 0 |a F   |b ABD 
100 0 |a Abdul Samad Ismail 
245 1 0 |a Hud   |c A.Samad Ismail 
260 |a Kuala Lumpur :   |b Creative Enterprise Sdn.Bhd. ,   |c 1995 
300 |a 206p. ;   |c 18cm. 
999 |a 098779   |b BUKU   |c FICTION   |e PERPUSTAKAAN KOMUNITI PETALING JAYA 
999 |a 098781   |b BUKU   |c FICTION   |e PERPUSTAKAAN KOMUNITI PETALING JAYA